01810nam a2200265 a 4500001001000000005001700010008004100027041000800068044000700076084002000083100004500103245008400148260003600232300002400268500028200292500054500574500005801119500012001177500001001297650005201307650005601359650003401415650004501449740005001494BRCA_282520190320204003.0091208s1915----sp-a---###---#000-0dspa-u aspa asp a261b.S67c19151 aCervantes Saavedra, Miguel ded1547-161610aEl Ingenioso Hidalgo Don Quijote de la ManchacMiguel de Cervantes de Saavedra. aBarcelonabRamón Sopenac1915 a892 p.bil.c18 cm. aContenido : Primera parte. Vida y obra de Cervantes por A. Herrero M. Aprobaciones y licencias de la edición príncipe. Dedicatoria del autor. Prólogo del autor. Versos preliminares. Texto. Segunda parte. Tasa. Privilegio. Dedicatoria del autor. Prólogo del autor. Texto aContiene esta edición: Noticia sobre la vida y obra de Cervantes por A. Herrero Miguel, curiosa iniciación bibliográfica y preliminares de la edición príncipe. Tanto la Vida y obras de Cervantes, como la Iniciación bibliografica, merecen alabanza por el caudal de noticias que encierran, si bien no aportan nada nuevo. La parte tipográfica es aceptable, papel fino. Las láminas y grabados, son expresivos y ben ejecutados. Cubierta adornada con un retrato de Cervantes y un motivo quijotil de varios colores Lúdovik Osterc aEstado físico : Anotaciones con pluma en la portada aLa biblioteca cuenta con un 2do. ejemplar donado por el Dr. Héctor Rivero Borrell Vázquez (No. de sistema 2024) aQMB6114aNovela españolayÉpoca clásica, 1500-170014aLiteratura españolayÉpoca clásica, 1500-170014aNovela españolaySiglo XVII14aDon Quijote (Personaje ficticio)eNovela0 aEl Ingenioso Hidalgo Don Quijote de la Mancha